Report of the task forces on Bangladesh development strategies for the 1990's : (Record no. 36659)
[ view plain ]
| 000 -LEADER | |
|---|---|
| fixed length control field | 01158nam a2200277 a 4500 |
| 001 - CONTROL NUMBER | |
| control field | 36659 |
| 003 - CONTROL NUMBER IDENTIFIER | |
| rucl marc code | BD-RjUL |
| 005 - DATE AND TIME OF LATEST TRANSACTION | |
| control field | 20211209052521.0 |
| 008 - FIXED-LENGTH DATA ELEMENTS--GENERAL INFORMATION | |
| fixed length control field | 920306s1991 bg ab bs 000 0 eng |
| 020 ## - INTERNATIONAL STANDARD BOOK NUMBER | |
| International Standard Book Number | 9840511653 (v. 1) |
| International Standard Book Number | 9840511653 (v.1) |
| 035 ## - SYSTEM CONTROL NUMBER | |
| System control number | (BD-RjUL)36760 |
| 040 ## - CATALOGING SOURCE | |
| Original cataloging agency | LC |
| Language of cataloging | eng |
| Transcribing agency | LC |
| Modifying agency | ANL |
| 082 ## - DEWEY DECIMAL CLASSIFICATION NUMBER | |
| Classification number | 338.95492 |
| Edition number | REP 1991 |
| 245 00 - TITLE STATEMENT | |
| Title | Report of the task forces on Bangladesh development strategies for the 1990's : |
| Remainder of title | managing the development process : |
| Number of part/section of a work | Volume One, |
| Name of part/section of a work | Policies for development. |
| 250 ## - EDITION STATEMENT | |
| Edition statement | 1st ed. |
| 260 ## - PUBLICATION, DISTRIBUTION, ETC. (IMPRINT) | |
| Place of publication, distribution, etc. | Dhaka, Bangladesh : |
| Name of publisher, distributor, etc. | University Press, |
| Date of publication, distribution, etc. | c1991. |
| 300 ## - PHYSICAL DESCRIPTION | |
| Pagination | ix, 374p. |
| Illustrations | ill. ; |
| Size | 25 cm. |
| 500 ## - GENERAL NOTE | |
| General note | ISBN printed on v. 3 T.p. verso is the same as on v. 1, i.e. 9840511653. However the ISBN on v. 3. jacket is 984051167X. |
| 504 ## - BIBLIOGRAPHY, ETC. NOTE | |
| Bibliography, etc | Includes bibliographical references. |
| 505 0# - FORMATTED CONTENTS NOTE | |
| Formatted contents note | v. 1. Policies for development -- v. 2. Managing the development process -- v. 3. Developing the infrastructure -- v. 4. Environment policy, environment and development. |
| 651 #0 - SUBJECT ADDED ENTRY--GEOGRAPHIC NAME | |
| Geographic name | Bangladesh |
| General subdivision | Economic policy. |
| 9 (RLIN) | 8470 |
| 942 ## - ADDED ENTRY ELEMENTS (KOHA) | |
| Source of classification or shelving scheme | Dewey Decimal Classification |
| Koha item type | Books |
| Lost status | Source of classification or shelving scheme | Damaged status | Not for loan | Collection code | Permanent Location | Current Location | Shelving location | Date acquired | Total Checkouts | Full call number | Date last seen | Copy number | Koha item type |
|---|---|---|---|---|---|---|---|---|---|---|---|---|---|
| Dewey Decimal Classification | Not For Loan | Non-fiction | Institute of Biological Sciences (IBSc) Library | Institute of Biological Sciences (IBSc) Library | 05/08/2014 | 338.95492 REP V-1 1991 | 05/08/2014 | C-1 | Books |